| 000 | 00747nam a2200229 a 4500 | ||
|---|---|---|---|
| 001 | 54752 | ||
| 003 | AR-BaAGN | ||
| 005 | 20250716134904.0 | ||
| 007 | ta | ||
| 008 | s ag |||||r|||| ||| ||spa d | ||
| 020 | _a978-987-47860-2-9 | ||
| 040 |
_aAR-BaAGN _bspa _eaacr |
||
| 111 | 2 |
_aEncuentro de Historiadores del Norte Pampeano _n(17o. : |d 2023 : |c Realicó, La Pampa) |
|
| 245 | 1 |
_aMemoria 17 : _chistoriadores del norte pampeano. |
|
| 250 | _a1a ed. | ||
| 260 |
_aBernardo Larroudé : _bAsociacion Civil Historiadores del Norte Pampeano, _c2023. |
||
| 300 |
_a386 páginas : _bfotografías blanco y negro, facsímiles ; _c20 cm. |
||
| 336 |
_btxt _2rdacontent |
||
| 337 |
_bn _2rdamedia |
||
| 338 |
_bnc _2rdacarrier |
||
| 942 |
_cLIBRO _n0 |
||
| 999 |
_c54752 _d54752 |
||